RICS commercial property management awards (Record no. 71355)

MARC details
000 -LEADER
fixed length control field 01267cam a2200217 4500
001 - CONTROL NUMBER
control field WB3838-15
008 - FIXED-LENGTH DATA ELEMENTS--GENERAL INFORMATION
fixed length control field 021015n2002 000 0 eng u
035 ## - SYSTEM CONTROL NUMBER
System control number (Sirsi) u120090
245 ## - TITLE STATEMENT
Title RICS commercial property management awards
260 ## - PUBLICATION, DISTRIBUTION, ETC.
Date of publication, distribution, etc. 2002
490 ## - SERIES STATEMENT
Series statement RICS Commercial Property Faculty News
Volume/sequential designation 8 October 2002, (1)
520 ## - SUMMARY, ETC.
Summary, etc. The RICS Commercial Property Management Awards will be launched on 24 October 2002. The awards are people focused and aim to raise the profile of the profession in the property world. Awards will be given in the following categories: occupation management, property management, asset management and public sector property management. There will also be a discretionary award for management innovation. Entry forms and information available from 24 October at http://www.rics.org/about_us/awards/ http://www.rics.org/ricscms/bin/show?class=News&template=/includes/shownews.html&id=3849&faculty=Commercial%20Property&faculty=All%20Faculties
590 ## - LOCAL NOTE (RLIN)
Local note WB
650 ## - SUBJECT ADDED ENTRY--TOPICAL TERM
Topical term or geographic name entry element Property management
9 (RLIN) 6262
650 ## - SUBJECT ADDED ENTRY--TOPICAL TERM
Topical term or geographic name entry element OCCUPATION MANAGEMENT
650 ## - SUBJECT ADDED ENTRY--TOPICAL TERM
Topical term or geographic name entry element ASSET MANAGEMENT
650 ## - SUBJECT ADDED ENTRY--TOPICAL TERM
Topical term or geographic name entry element PUBLIC SECTOR PROPERTY MANAGEMENT
650 ## - SUBJECT ADDED ENTRY--TOPICAL TERM
Topical term or geographic name entry element MANAGEMENT INNOVATION
690 ## - LOCAL SUBJECT ADDED ENTRY--TOPICAL TERM (OCLC, RLIN)
Topical term or geographic name as entry element PROPERTY MANAGEMENT-COMMERCIAL PROPERTY
942 ## - ADDED ENTRY ELEMENTS (KOHA)
Suppress in OPAC 0
Holdings
Withdrawn status Lost status Source of classification or shelving scheme Damaged status Not for loan Home library Current library Shelving location Date acquired Total Checkouts Full call number Barcode Date last seen Copy number Price effective from Koha item type
    Dewey Decimal Classification     London London News article 15/10/2002   WB3838-15 120090-1001 06/08/2019 1 06/08/2019 News article